=LDR 00000nam 2200000 4500 =001 INLIS000000000031745 =005 20130612133811 =008 ***********************************ind** =035 ##$$0010-061300000031745 =041 ##$$a ind =082 ##$$a 650.1 =090 ##$$a 650.1, Stu w =100 ##$$a STUGART, Billy =245 ##$$a Wealeth And Success Princeples, =260 ##$$aaBilly Stugart; Penerjamah, Heryanto P; Editor, Sofan A =300 ##$$a 2009 $b Jakarta =650 ##$$a x,259 hlm, 21 cm =700 ##$$a SUKSES =850 ##$$a HERYANTO